| 000 | 00712nam a2200229 4500 | ||
|---|---|---|---|
| 001 | 145238 | ||
| 003 | ES-MaACL | ||
| 005 | 20250815164343.0 | ||
| 007 | t| | ||
| 008 | 070214s1972 sp r ||||1| spa d | ||
| 080 | _a297.18 | ||
| 100 | 1 |
_aSordi, Italo. _9107329 |
|
| 245 | 1 | 0 |
_aQué ha dicho verdaderamente Mahoma / _cI. Sordi ; [traducción... María Esther Benítez]. |
| 250 | _a1ª ed. | ||
| 260 |
_aMadrid : _bDoncel, _c1972 ( _fRuán) |
||
| 300 |
_a185 p. ; _c18 cm. |
||
| 630 | 0 | 4 |
_aCorán- _xCrítica e interpretación. _9120329 |
| 650 | 7 |
_aIslamismo _2embne _913903 |
|
| 700 | 1 |
_aBenítez, Esther, _d1937-2001 _927600 |
|
| 852 |
_aES-MaACL _jC-48176 _bR.81377 |
||
| 999 |
_c145238 _d145238 |
||